000 01549cam a2200133 4500500
005 20260405032125.0
041 _afre
042 _adc
100 1 0 _aRaffin, Françoise
_eauthor
245 0 0 _aPetite introduction à la philosophie
260 _bArmand Colin,
_c2009.
520 _aLa philosophie ne se réduit ni à une doctrine ni à un ensemble d’opinions. Elle est d’abord une démarche d’approche et de problématisation du réel. Cet ouvrage : • montre comment l’expérience suscite l’interrogation et ouvre à la pensée ; • s’appuie sur des textes philosophiques pour éclairer les concepts et forger l’esprit critique ; • propose des sujets de réflexion ; • unit l’analyse des notions et les grands textes de la tradition et de la modernité philosophiques pour penser au présent. Cette nouvelle version fait une place plus importante aux distinctions conceptuelles ou « repères » qui sont l’innovation majeure du programme de philosophie des classes de terminales. Leur caractère opératoire est décisif pour le travail philosophique de la dissertation comme de la lecture et de l’étude de texte. Les distinctions les plus communes et les mieux partagées constituent une liste officielle qui s’ajoute aux listes de notions et d’auteurs. Ce livre est destiné aux classes de terminale et aux étudiants de classes préparatoires et de Licence. 
856 4 1 _uhttps://shs.cairn.info/petite-introduction-a-la-philosophie--9782200355654?lang=fr&redirect-ssocas=7080
999 _c2152412
_d2152412